| 000 | 00395pab a2200169 454500 | ||
|---|---|---|---|
| 008 | 180718b2002 xxu||||| |||| 00| 0 eng d | ||
| 100 | _aReddy, A.V.S. | ||
| 245 | _aRural technologies for poverty alleviation | ||
| 260 | _c2002 | ||
| 300 | _ap.22-27. | ||
| 362 | _aNov | ||
| 650 | _aTechnology | ||
| 650 | _aPoverty | ||
| 700 | _aPurushotham, P. | ||
| 773 | _aKurukshetra | ||
| 909 | _a54398 | ||
| 999 |
_c54398 _d54398 |
||